000 00445nam a22001937a 4500
003 MPLRDC
005 20220104160855.0
008 210129b ||||| |||| 00| 0 eng d
020 _a957-8634-75-7
082 _a498.96 ZJX c.2
100 _a朱家贤著
245 _a传销真言书
_c
250 _a初版
260 _a
_b新卫文化
_c1997
300 _b
490 _a趋势财经;106
650 _a
942 _cBK
_o498.96 ZJX c.2
999 _c55212
_d55202